| 000 | 00543nam a22001817a 4500 | ||
|---|---|---|---|
| 003 | BD-ChCU | ||
| 005 | 20260216095128.0 | ||
| 008 | 260216b bg ||||| |||| 00| 0 ben d | ||
| 040 | _cBD-ChCU | ||
| 082 | _a372.6 TAR | ||
| 100 |
_aTaylor, H. M. and Mears, A. G. _920327 |
||
| 245 |
_aThe right way to conduct meetings, conferences and discussions.// _cTaylor, H. M. and Mears, A. G. |
||
| 250 | _a6th ed. | ||
| 260 |
_aLondon. _bE. L. B. S. _c19.. |
||
| 300 | _a127p | ||
| 650 | 0 |
_aMeeting - Conduction of. _920328 |
|
| 942 |
_2ddc _cBK _n0 |
||
| 999 |
_c111610 _d111610 |
||